00859nam a22002177a 450000500170000000800410001702000180005804000650007604100080014110000210014924502180017026000480038830000180043650400410045465000150049565000120051065000420052265000170056470000300058176500300061120180312143025.0130821s2005 sp gr spa  a9788479537845 aCo-BoUCMbspacLuz Cupitra (modificó)dAldemar Mondragón00aspa1 aRicard, Matthieu10aEn defensa de la felicidad un auténtico tratado de la felicidad, a la vez que una convincente guía para nuestros individualismos carentes de puntos de referenciacMatthieu Ricard ; traducción, Teresa Clavel aBarcelona (España)bEdiciones Uranoc2005 a347 páginas aIncluye referencias bibliográficas aTeología 7aBudismo 7aFelicidadxAspectos religiosos2embne 7aSalud mental1 aClavel, Teresaetraductor tPlaidoyer pour le bonheur